[Event "Gelendzhik op"]
[Site "Gelendzhik"]
[Date "2022.05.18"]
[Round "1"]
[White "Adamova, Tuyaara"]
[Black "Rozum, Ivan"]
[Result "0-1"]
[WhiteElo "1866"]
[BlackElo "2522"]
[PlyCount "68"]
[EventDate "2022.05.18"]
[EventType "swiss"]
[EventRounds "9"]
[EventCountry "RUS"]
[SourceTitle "CBM 208 Extra"]
[Source "ChessBase"]
[SourceDate "2022.07.31"]
[SourceVersion "1"]
[SourceVersionDate "2022.07.31"]
[SourceQuality "1"]

1. e4 c5 2. Nf3 d6 3. d4 cxd4 4. Nxd4 Nf6 5. Bd3 Nc6 6. Nxc6 bxc6 7. c4 g6 8. Nc3 Bg7 9. 0-0 0-0 10. h3 Nd7 11. Be3 Bxc3 12. bxc3 Qa5 13. Qd2 Ba6 14. Be2 Nb6 15. Bh6 Rfd8 16. f4 Bxc4 17. f5 Bxe2 18. Qxe2 Qxc3 19. Rac1 Qd4+ 20. Kh1 c5 21. Rf4 Nd7 22. fxg6 hxg6 23. Qg4 Ne5 24. Qh4 Nd3 25. Rd1 Nf2+ 26. Qxf2 Qxd1+ 27. Kh2 Qd4 28. Qh4 Qe5 29. Qf2 Rab8 30. Qg3 Rb4 31. Qd3 d5 32. Kh1 Rxe4 33. Rxe4 Qxe4 34. Qc3 Qd4 0-1

[Event "World Amateur-ch U2300"]
[Site "Cagliari"]
[Date "2018.04.29"]
[Round "9"]
[White "Adamova, Tuyaara"]
[Black "Messina, Giuseppe Ottavio"]
[Result "1/2-1/2"]
[WhiteElo "2026"]
[BlackElo "2007"]
[PlyCount "164"]
[EventDate "2018.04.22"]
[EventType "swiss"]
[EventRounds "9"]
[EventCountry "ITA"]
[SourceTitle "CBM 184 Extra"]
[Source "ChessBase"]
[SourceDate "2018.06.28"]
[SourceVersion "1"]
[SourceVersionDate "2018.06.28"]
[SourceQuality "1"]

1. e4 e5 2. Nf3 Nf6 3. Nxe5 Nxe4 4. Qe2 Qe7 5. Qxe4 d6 6. d4 dxe5 7. Qxe5 Qxe5+ 8. dxe5 Nc6 9. Bb5 Bd7 10. f4 Bc5 11. Nc3 0-0-0 12. Na4 Bb4+ 13. c3 Be7 14. Be3 Nxe5 15. Bxd7+ Nxd7 16. b3 Ba3 17. c4 Rhe8 18. Kf2 Nf6 19. h3 Ne4+ 20. Kf3 b6 21. Rad1 f5 22. Bd4 Bb4 23. Be5 g5 24. g3 gxf4 25. Bxf4 Nd2+ 26. Bxd2 Rd3+ 27. Kf2 Bxd2 28. Nb2 Be3+ 29. Kf3 Rc3 30. Rd3 Bd4 31. Rxc3 Bxc3 32. Nd3 Bd4 33. Re1 Rxe1 34. Nxe1 Be5 35. Nd3 Bd6 36. Nf4 Kd7 37. Ne2 Be5 38. g4 fxg4+ 39. Kxg4 Ke6 40. Kg5 Bg7 41. Nf4+ Ke5 42. Nd5 c6 43. Nb4 Kd6 44. h4 a5 45. Nd3 b5 46. a4 bxc4 47. bxc4 Bf8 48. Kf5 Bg7 49. h5 Bd4 50. Kg5 Bg7 51. Kf5 Bd4 52. Ke4 Bc3 53. c5+ Ke6 54. Nc1 Kf6 55. Nb3 Kg5 56. Kd3 Be1 57. Nd4 Bf2 58. Kc4 Bxd4 59. Kxd4 Kxh5 60. Ke5 Kg5 61. Kd6 h5 62. Kxc6 h4 63. Kb6 h3 64. c6 h2 65. c7 h1Q 66. c8Q Qe1 67. Qc5+ Kf6 68. Qxa5 Qe6+ 69. Kc7 Qe7+ 70. Kc8 Qe6+ 71. Kb8 Qd6+ 72. Ka8 Qc6+ 73. Ka7 Qd7+ 74. Ka6 Qc8+ 75. Kb5 Qf5+ 76. Kb4 Qe4+ 77. Kb3 Qd3+ 78. Kb4 Qe4+ 79. Kb5 Qd5+ 80. Ka6 Qa8+ 81. Kb6 Qd8+ 82. Ka6 Qa8+ 1/2-1/2

[Event "World Amateur-ch U2300"]
[Site "Cagliari"]
[Date "2018.04.22"]
[Round "1"]
[White "Bukojemski, Adam"]
[Black "Adamova, Tuyaara"]
[Result "0-1"]
[WhiteElo "2194"]
[BlackElo "2026"]
[PlyCount "50"]
[EventDate "2018.04.22"]
[EventType "swiss"]
[EventRounds "9"]
[EventCountry "ITA"]
[SourceTitle "CBM 184 Extra"]
[Source "ChessBase"]
[SourceDate "2018.06.28"]
[SourceVersion "1"]
[SourceVersionDate "2018.06.28"]
[SourceQuality "1"]

1. e4 c5 2. Nf3 e6 3. d4 cxd4 4. Nxd4 a6 5. Nc3 Qc7 6. Be3 Nf6 7. Qd2 Bb4 8. f3 d5 9. a3 Bxc3 10. bxc3 dxe4 11. Be2 e5 12. Nb3 0-0 13. 0-0 Rd8 14. Qe1 Nd5 15. Bc5 Bf5 16. Rd1 b6 17. fxe4 Bxe4 18. Bc4 Nd7 19. Rxf7 Kxf7 20. Qxe4 N7f6 21. Bxd5+ Rxd5 22. Rf1 Rad8 23. Bf2 Rd1 24. Qa4 Rxf1+ 25. Kxf1 Qxc3 0-1

[Event "Moscow op-B (Women) 13th"]
[Site "Moscow"]
[Date "2017.02.05"]
[Round "9"]
[White "Adamova, Tuyaara"]
[Black "Drobitjko, Irina"]
[Result "1-0"]
[WhiteElo "2001"]
[BlackElo "1775"]
[PlyCount "85"]
[EventDate "2017.01.28"]
[EventType "swiss"]
[EventRounds "9"]
[EventCountry "RUS"]
[SourceTitle "EXT 2018"]
[Source "ChessBase"]
[SourceDate "2017.10.13"]
[SourceVersion "1"]
[SourceVersionDate "2017.10.13"]
[SourceQuality "1"]

1. e4 c5 2. Nf3 Nc6 3. d4 cxd4 4. Nxd4 e5 5. Nb3 Nf6 6. Bc4 Bb4+ 7. c3 Be7 8. 0-0 0-0 9. f3 b5 10. Bd5 Qb6+ 11. Kh1 Bb7 12. Qe2 a5 13. Be3 Qc7 14. c4 bxc4 15. Bxc4 a4 16. N3d2 Na5 17. Rc1 d5 18. exd5 Rac8 19. b3 Bxd5 20. Nc3 Bxc4 21. bxc4 Qd7 22. Bg5 h6 23. Bxf6 Bxf6 24. Nd5 Bg5 25. Rd1 Qe6 26. Rab1 Bxd2 27. Qxd2 Nxc4 28. Qb4 Rfe8 29. Rbc1 Kh8 30. Rxc4 Rb8 31. Qxa4 Red8 32. Rc5 Rb2 33. Rb5 Re2 34. Qc4 Re3 35. Qh4 g5 36. Qf2 Ra3 37. h3 Qc6 38. Qb2 Ra6 39. Qxe5+ f6 40. Qb2 Rxa2 41. Qxa2 Qxb5 42. Qa1 Qc6 43. Ne3 1-0

[Event "Moscow op-B (Women) 13th"]
[Site "Moscow"]
[Date "2017.02.04"]
[Round "8"]
[White "Khristenko, Anna"]
[Black "Adamova, Tuyaara"]
[Result "1/2-1/2"]
[WhiteElo "1822"]
[BlackElo "2001"]
[PlyCount "80"]
[EventDate "2017.01.28"]
[EventType "swiss"]
[EventRounds "9"]
[EventCountry "RUS"]
[SourceTitle "EXT 2018"]
[Source "ChessBase"]
[SourceDate "2017.10.13"]
[SourceVersion "1"]
[SourceVersionDate "2017.10.13"]
[SourceQuality "1"]

1. Nf3 Nf6 2. d4 d5 3. g3 g6 4. Bg2 Bg7 5. 0-0 0-0 6. c4 c6 7. cxd5 cxd5 8. Nc3 Nc6 9. Ne5 Bf5 10. Bg5 Ne4 11. Nxc6 bxc6 12. Nxe4 Bxe4 13. Bxe4 dxe4 14. Qa4 Qxd4 15. Qxc6 Rfc8 16. Qa6 Qd6 17. Qa4 h6 18. Be3 Qe6 19. Rab1 a6 20. Rfd1 Rab8 21. Qd7 Qxa2 22. Qxe7 Re8 23. Qd7 h5 24. Bf4 Ra8 25. Qd5 Qxd5 26. Rxd5 a5 27. b3 Rec8 28. Bd2 Bc3 29. Bxc3 Rxc3 30. Ra1 Rxb3 31. Rdxa5 Rxa5 32. Rxa5 e3 33. fxe3 Rxe3 34. Kf2 Re6 35. Ra4 Kg7 36. Kf3 Kf6 37. e3 Rb6 38. h4 Ke6 39. Ra5 Kf6 40. Kf4 Ke6 1/2-1/2

[Event "Moscow op-B (Women) 13th"]
[Site "Moscow"]
[Date "2017.01.31"]
[Round "4"]
[White "Elkina, Yuliya"]
[Black "Adamova, Tuyaara"]
[Result "0-1"]
[WhiteElo "1652"]
[BlackElo "2001"]
[PlyCount "80"]
[EventDate "2017.01.28"]
[EventType "swiss"]
[EventRounds "9"]
[EventCountry "RUS"]
[SourceTitle "EXT 2018"]
[Source "ChessBase"]
[SourceDate "2017.10.13"]
[SourceVersion "1"]
[SourceVersionDate "2017.10.13"]
[SourceQuality "1"]

1. Nf3 Nf6 2. b3 e6 3. e3 d5 4. Bb2 c5 5. Bb5+ Bd7 6. Qe2 a6 7. Bxd7+ Nbxd7 8. Ne5 Be7 9. f4 Rc8 10. d3 b5 11. 0-0 Nf8 12. Nd2 Ng6 13. Ndf3 0-0 14. Nxg6 hxg6 15. Ne5 Qb6 16. c4 Rfd8 17. Rfd1 a5 18. Rac1 a4 19. Qc2 Ra8 20. cxb5 axb3 21. Qxb3 Bd6 22. a4 Rdc8 23. d4 c4 24. Qc2 Ne4 25. Ra1 g5 26. Ba3 Bxa3 27. Rxa3 f6 28. Nc6 Kf7 29. fxg5 Nxg5 30. Rb1 Rh8 31. Qf2 Qc7 32. Ne5+ Kg8 33. Nf3 Ne4 34. Qc2 g5 35. g4 Kg7 36. Rb2 c3 37. Kg2 Rxh2+ 38. Nxh2 Qg3+ 39. Kh1 cxb2 40. Qxb2 Nf2+ 0-1

[Event "Moscow op-B (Women) 13th"]
[Site "Moscow"]
[Date "2017.01.28"]
[Round "1"]
[White "Adamova, Tuyaara"]
[Black "Kovanova, Baira"]
[Result "0-1"]
[WhiteElo "2001"]
[BlackElo "2376"]
[PlyCount "110"]
[EventDate "2017.01.28"]
[EventType "swiss"]
[EventRounds "9"]
[EventCountry "RUS"]
[SourceTitle "EXT 2018"]
[Source "ChessBase"]
[SourceDate "2017.10.13"]
[SourceVersion "1"]
[SourceVersionDate "2017.10.13"]
[SourceQuality "1"]

1. e4 e5 2. Nf3 d6 3. d4 exd4 4. Nxd4 Nf6 5. Nc3 Be7 6. h3 0-0 7. Bd3 Nbd7 8. 0-0 Nc5 9. f4 Re8 10. Qf3 Bf8 11. Bd2 c6 12. Kh1 Nxd3 13. cxd3 Bd7 14. Rae1 c5 15. Nc2 Bc6 16. d4 d5 17. e5 Ne4 18. Nxe4 dxe4 19. Qe3 Qd5 20. Bc3 Bb5 21. Rf2 Bd3 22. Rd2 Qxa2 23. dxc5 Qc4 24. Qd4 Qxc5 25. Qxc5 Bxc5 26. Nb4 Bxb4 27. Bxb4 a5 28. Bd6 b5 29. Kg1 Rac8 30. Kf2 Rc6 31. Ra1 a4 32. Ke3 f6 33. Rf2 Kf7 34. Rd1 Rec8 35. Ba3 Rc4 36. Bd6 R8c6 37. Rfd2 Ke6 38. Rf2 Rc8 39. Rfd2 R8c6 40. Rf2 Rc8 41. Rfd2 Kd5 42. h4 g6 43. Rf2 f5 44. g3 Rc1 45. Rfd2 Rxd1 46. Rxd1 Rc2 47. Rd2 Rc1 48. Bb8 Rf1 49. Rg2 Rf3+ 50. Kd2 Bf1 51. Rg1 e3+ 52. Ke1 Bc4 53. Ba7 e2 54. Bf2 h5 55. Rg2 Rd3 0-1

[Event "World Amateur-ch U2300"]
[Site "Chalkidiki"]
[Date "2016.04.21"]
[Round "3"]
[White "Papasimakopoulos, Alexandros"]
[Black "Adamova, Tuyaara"]
[Result "1/2-1/2"]
[WhiteElo "2182"]
[BlackElo "2027"]
[PlyCount "154"]
[EventDate "2016.04.19"]
[EventType "swiss"]
[EventRounds "9"]
[EventCountry "GRE"]
[SourceTitle "CBM 172 Extra"]
[Source "ChessBase"]
[SourceDate "2016.06.21"]
[SourceVersion "1"]
[SourceVersionDate "2016.06.21"]
[SourceQuality "1"]

1. d4 d5 2. c4 e6 3. Nc3 Nf6 4. cxd5 exd5 5. Bg5 c6 6. Qc2 Be7 7. e3 0-0 8. Bd3 h6 9. Bh4 Re8 10. Nf3 Nbd7 11. 0-0 Ne4 12. Bxe7 Qxe7 13. Rab1 a5 14. a3 g5 15. Nd2 Ndf6 16. Rbe1 Nxc3 17. Qxc3 Ne4 18. Qc2 Bf5 19. Nb1 Qd7 20. Nc3 Nd6 21. f3 Bxd3 22. Qxd3 Nc4 23. Na4 Qd6 24. Re2 b5 25. Nc5 a4 26. e4 Ra7 27. Qc3 f6 28. Rfe1 Rae7 29. g3 Rd8 30. Rd1 Rde8 31. Kg2 Kg7 32. Rde1 h5 33. Nd3 dxe4 34. Rxe4 Rxe4 35. Rxe4 Rxe4 36. fxe4 f5 37. Qc1 f4 38. Qc3 fxg3 39. hxg3 Qf6 40. Nc1 h4 41. gxh4 Qf4 42. d5+ Kg8 43. Qe1 Ne3+ 44. Kg1 Qg4+ 45. Kf2 Qxh4+ 46. Ke2 Qxe4 47. Kf2 Ng4+ 48. Kf1 Qh1+ 49. Ke2 Qg2+ 50. Kd3 Nf2+ 51. Ke3 Ng4+ 52. Kd3 Qxd5+ 53. Kc2 Ne5 54. Qe3 Kf7 55. Qxg5 Qe4+ 56. Kd1 Ng6 57. Qd8 Ne7 58. Nd3 Qd5 59. Qxd5+ cxd5 60. Kc2 Ke6 61. b3 axb3+ 62. Kxb3 Nc6 63. a4 bxa4+ 64. Kxa4 Kf5 65. Kb3 Ke4 66. Nc5+ Kd4 67. Ne6+ Ke3 68. Kc2 Nd4+ 69. Nxd4 Kxd4 70. Kd2 Kc4 71. Kc2 d4 72. Kd2 d3 73. Kd1 Kd4 74. Kd2 Ke4 75. Kd1 Ke3 76. Ke1 d2+ 77. Kd1 Kd3 1/2-1/2

[Event "Moscow op-B (Women)"]
[Site "Moscow"]
[Date "2015.02.05"]
[Round "6"]
[White "Adamova, Tuyaara"]
[Black "Sorokina, Natalay"]
[Result "1-0"]
[WhiteElo "1980"]
[BlackElo "1887"]
[PlyCount "81"]
[EventDate "2015.01.31"]
[EventType "swiss"]
[EventRounds "9"]
[EventCountry "RUS"]
[SourceTitle "CBM 164 Extra"]
[Source "ChessBase"]
[SourceDate "2015.03.02"]
[SourceVersion "1"]
[SourceVersionDate "2015.03.02"]
[SourceQuality "1"]

1. e4 e5 2. Nf3 Nc6 3. Bc4 Bc5 4. c3 Nf6 5. d4 exd4 6. e5 d5 7. Bb5 Nd7 8. cxd4 Bb4+ 9. Nc3 0-0 10. Qd3 f6 11. 0-0 Ne7 12. Bxd7 Qxd7 13. exf6 Rxf6 14. Bg5 Rf8 15. Ne5 Qe6 16. Rfe1 Nc6 17. Nxc6 Qxc6 18. Re5 Be6 19. Qg3 Bd6 20. Bf4 Bxe5 21. Bxe5 Rf7 22. Rc1 Qd7 23. Ne2 c6 24. Nf4 Raf8 25. Rc3 Bf5 26. Qg5 h6 27. Qg3 Bh7 28. h4 Qf5 29. Kh2 Qb1 30. Ne6 Ra8 31. h5 g5 32. Nxg5 Re7 33. Ne4+ Kf8 34. Rf3+ Ke8 35. Nd6+ Kd7 36. Qg4+ Kc7 37. Nc4+ Kd8 38. Rf8+ Re8 39. Rxe8+ Kxe8 40. Qe6+ Kd8 41. Bf6+ 1-0

[Event "Moscow op-B (Women)"]
[Site "Moscow"]
[Date "2015.01.31"]
[Round "1"]
[White "Nechaeva, Marina"]
[Black "Adamova, Tuyaara"]
[Result "1-0"]
[WhiteElo "2375"]
[BlackElo "1980"]
[PlyCount "123"]
[EventDate "2015.01.31"]
[EventType "swiss"]
[EventRounds "9"]
[EventCountry "RUS"]
[SourceTitle "CBM 164 Extra"]
[Source "ChessBase"]
[SourceDate "2015.03.02"]
[SourceVersion "1"]
[SourceVersionDate "2015.03.02"]
[SourceQuality "1"]

1. d4 d5 2. c4 c6 3. Nc3 Nf6 4. e3 Bf5 5. Nf3 e6 6. Bd3 Bg6 7. 0-0 Be7 8. b3 0-0 9. Bxg6 hxg6 10. Qe2 Nbd7 11. Rd1 Qc7 12. Bd2 Rfd8 13. Rac1 Rac8 14. h3 Qb8 15. Be1 a6 16. a4 Re8 17. Kh1 Bd8 18. Rb1 Bb6 19. Qa2 Ba7 20. g3 Rcd8 21. Kg2 e5 22. cxd5 e4 23. Nd2 cxd5 24. b4 Qd6 25. a5 Nf8 26. Nb3 Ne6 27. Ne2 Ng5 28. Ng1 Rc8 29. Nc5 Rc7 30. Qe2 Rec8 31. Rdc1 Qe7 32. Qd1 Ne8 33. Qb3 Nf6 34. Rb2 Ne6 35. Rbc2 Nxc5 36. dxc5 Rd8 37. Bc3 Qe8 38. Rd2 Qc6 39. Rcd1 Rcd7 40. Ne2 Bb8 41. Bxf6 gxf6 42. Nc3 Kg7 43. Rxd5 Rxd5 44. Rxd5 Rh8 45. Qd1 Qe6 46. h4 g5 47. h5 g4 48. Rd8 Rxd8 49. Qxd8 Be5 50. Nd5 Qf5 51. Qg8+ Kxg8 52. Ne7+ Kh7 53. Nxf5 Bc3 54. Nd6 Bxb4 55. Nxb7 Bc3 56. c6 Be5 57. Nc5 Bc7 58. Nxa6 Bxa5 59. c7 Bxc7 60. Nxc7 Kh6 61. Nd5 f5 62. Nf4 1-0

[Event "RSSS-ch (Women)"]
[Site "Ekaterinburg"]
[Date "2014.09.29"]
[Round "6"]
[White "Adamova, Tuyaara"]
[Black "Semenova, Anastasia"]
[Result "1/2-1/2"]
[WhiteElo "1973"]
[BlackElo "1894"]
[PlyCount "164"]
[EventDate "2014.09.23"]
[EventType "swiss"]
[EventRounds "9"]
[EventCountry "RUS"]
[SourceTitle "EXT 2016"]
[Source "ChessBase"]
[SourceDate "2015.10.08"]
[SourceVersion "1"]
[SourceVersionDate "2015.10.08"]
[SourceQuality "1"]

1. e4 e5 2. Nf3 Nf6 3. Nxe5 d6 4. Nf3 Nxe4 5. Nc3 Nxc3 6. dxc3 Be7 7. Bd3 Nc6 8. 0-0 Bg4 9. Be4 Qd7 10. Qd3 h5 11. Re1 h4 12. Bf4 h3 13. g3 Be6 14. Rad1 Rh5 15. Nd4 Nxd4 16. cxd4 d5 17. Bf3 Rh8 18. Be5 Kf8 19. Qe2 Re8 20. Bh5 Rh7 21. Bf3 g5 22. g4 f5 23. gxf5 Bxf5 24. Qd2 c6 25. c3 Be4 26. Qe3 Rh4 27. Bg3 Bd6 28. Bxd6+ Qxd6 29. Qxg5 Rh8 30. Bg4 Rg8 31. Qh4 Qf4 32. f3 Re7 33. Rf1 Qe3+ 34. Rf2 Rf7 35. Kf1 Bd3+ 36. Rxd3 Qxd3+ 37. Re2 Re7 38. Qh6+ Ke8 39. Qh5+ Kd8 40. f4 Qd1+ 41. Kf2 Rxe2+ 42. Bxe2 Qg1+ 43. Kf3 Qg2+ 44. Ke3 Qe4+ 45. Kd2 Qxf4+ 46. Kc2 Re8 47. Kb3 Qxh2 48. Qg5+ Kc7 49. Bg4 Qg3 50. Qg7+ Kb6 51. Qd7 h2 52. Qxe8 h1Q 53. Qd8+ Ka6 54. Be2+ b5 55. a4 Qh7 56. axb5+ cxb5 57. Qc8+ Kb6 58. Qc5+ Kb7 59. Bxb5 Qgc7 60. Qxd5+ Kb8 61. Qg5 Qhf7+ 62. d5 Qa5 63. Qe5+ Kc8 64. Bc6 Qb6+ 65. Kc2 Qff2+ 66. Kd3 Qf1+ 67. Kc2 Qbf2+ 68. Kb3 Qd1+ 69. Ka2 Qf7 70. Qd6 Qd3 71. Qc5 Qa6+ 72. Ba4+ Qc7 73. Qf8+ Kb7 74. Qb4+ Qab6 75. Bc6+ Kb8 76. Qf8+ Qd8 77. Qf4+ Qbc7 78. Qb4+ Kc8 79. Qg4+ Kb8 80. Qb4+ Qb6 81. Qf4+ Kc8 82. Qf5+ Kc7 1/2-1/2

[Event "RSSS-ch (Women)"]
[Site "Ekaterinburg"]
[Date "2014.09.25"]
[Round "3"]
[White "Yarullina, Alina"]
[Black "Adamova, Tuyaara"]
[Result "1/2-1/2"]
[WhiteElo "2084"]
[BlackElo "1973"]
[PlyCount "64"]
[EventDate "2014.09.23"]
[EventType "swiss"]
[EventRounds "9"]
[EventCountry "RUS"]
[SourceTitle "EXT 2016"]
[Source "ChessBase"]
[SourceDate "2015.10.08"]
[SourceVersion "1"]
[SourceVersionDate "2015.10.08"]
[SourceQuality "1"]

1. e4 c5 2. Nf3 e6 3. d3 Nc6 4. g3 Nge7 5. Bg2 g6 6. 0-0 Bg7 7. c3 0-0 8. Be3 b6 9. d4 cxd4 10. cxd4 d5 11. e5 Nf5 12. Bg5 Qd7 13. g4 Nfe7 14. Bf6 Ba6 15. Re1 Rac8 16. Nc3 Nb4 17. Qd2 Rc7 18. Re3 h6 19. Ne1 Kh7 20. Rh3 Rh8 21. Bg5 Ng8 22. Nf3 Bf8 23. a3 Nc6 24. b4 Bc4 25. Bf1 Bxf1 26. Rxf1 a6 27. Qd3 b5 28. Nd2 Qc8 29. f4 Kg7 30. Bh4 Be7 31. Be1 f6 32. Nb3 Qd7 1/2-1/2

[Event "RSSS-ch (Women)"]
[Site "Ekaterinburg"]
[Date "2014.09.23"]
[Round "1"]
[White "Rjanova, Valery"]
[Black "Adamova, Tuyaara"]
[Result "1/2-1/2"]
[WhiteElo "2127"]
[BlackElo "1973"]
[PlyCount "83"]
[EventDate "2014.09.23"]
[EventType "swiss"]
[EventRounds "9"]
[EventCountry "RUS"]
[SourceTitle "EXT 2016"]
[Source "ChessBase"]
[SourceDate "2015.10.08"]
[SourceVersion "1"]
[SourceVersionDate "2015.10.08"]
[SourceQuality "1"]

1. e4 c5 2. Nf3 e6 3. d4 cxd4 4. Nxd4 a6 5. Nc3 Qc7 6. Be2 Nf6 7. 0-0 Be7 8. Be3 0-0 9. f4 d6 10. Qe1 b5 11. a3 Bb7 12. Bf3 Nbd7 13. Rd1 Rac8 14. Kh1 Rfd8 15. Bc1 Nb6 16. g4 Nc4 17. g5 Nd7 18. f5 exf5 19. Nxf5 Bf8 20. Nd5 Bxd5 21. exd5 Nce5 22. c3 Re8 23. Qg3 Nxf3 24. Rxf3 Ne5 25. Rf2 Qb7 26. Bf4 Kh8 27. Re2 Qd7 28. Nd4 Ng6 29. Rde1 Rxe2 30. Rxe2 Nxf4 31. Qxf4 Re8 32. Rxe8 Qxe8 33. Kg2 g6 34. Kf2 Qd7 35. Ne6 Bg7 36. Nxg7 Kxg7 37. Qf6+ Kg8 38. Kg3 Qc7 39. h4 Qc5 40. Qd8+ Kg7 41. Qf6+ Kg8 42. Qd8+ 1/2-1/2

[Event "RUS-ch Higher League (Women) 63rd"]
[Site "Ekaterinburg"]
[Date "2013.06.20"]
[Round "1"]
[White "Sukhareva, Evgenia"]
[Black "Adamova, Tuyaara"]
[Result "1-0"]
[WhiteElo "2248"]
[BlackElo "1927"]
[PlyCount "52"]
[EventDate "2013.06.20"]
[EventType "swiss"]
[EventRounds "9"]
[EventCountry "RUS"]
[SourceTitle "CBM 155 Extra"]
[Source "ChessBase"]
[SourceDate "2013.08.26"]
[SourceVersion "1"]
[SourceVersionDate "2013.08.26"]
[SourceQuality "1"]

1. d4 d5 2. Nf3 Nf6 3. c4 e6 4. Bg5 Be7 5. e3 Nbd7 6. Qc2 b6 7. cxd5 Nxd5 8. Bxe7 Nxe7 9. Nc3 a6 10. Be2 Bb7 11. 0-0 0-0 12. Rfd1 Nf6 13. Rac1 Rc8 14. Ne5 Ned5 15. Bf3 Qe7 16. Qb3 Qd6 17. Ne2 b5 18. Nd3 Nd7 19. Nc5 Ba8 20. e4 N5b6 21. Nxa6 c6 22. Nc5 Nc4 23. Nd3 Bb7 24. a4 Ba6 25. axb5 cxb5 26. Nc3 Rb8 1-0

[Event "RUS-ch U26 (Women)"]
[Site "Uljanovsk"]
[Date "2012.09.22"]
[Round "6"]
[White "Cheremnova, Tamara"]
[Black "Adamova, Tuyaara"]
[Result "1-0"]
[WhiteElo "2243"]
[BlackElo "1924"]
[PlyCount "103"]
[EventDate "2012.09.17"]
[EventType "swiss"]
[EventRounds "9"]
[EventCountry "RUS"]
[SourceTitle "CBM 150 Extra"]
[Source "ChessBase"]
[SourceDate "2012.10.19"]
[SourceVersion "1"]
[SourceVersionDate "2012.10.19"]
[SourceQuality "1"]

1. d4 d5 2. c4 e6 3. Nc3 Nf6 4. Bg5 Be7 5. e3 Nbd7 6. Nf3 0-0 7. Bd3 h6 8. Bh4 dxc4 9. Bxc4 c5 10. 0-0 b6 11. Qe2 Bb7 12. Rfd1 Ne4 13. Bg3 Nxc3 14. bxc3 Qc8 15. Rac1 Nf6 16. Bh4 Qc7 17. Ne5 Rfd8 18. Bd3 Rac8 19. Bb1 Ne4 20. Bxe7 Qxe7 21. f3 Nf6 22. Qb2 Qc7 23. e4 Nd7 24. Nc4 Ba6 25. Ne3 Qf4 26. Re1 Bb7 27. Rcd1 Nf6 28. Qa3 cxd4 29. cxd4 a6 30. Qd3 g6 31. Nc4 b5 32. Na5 Ba8 33. Nb3 Nd7 34. g3 Qf6 35. Qe3 Kh7 36. Rd3 Nb6 37. Nc5 Nc4 38. Qf2 a5 39. e5 Qe7 40. Ne4 Bxe4 41. fxe4 Rc7 42. Rf1 Rcd7 43. Rf3 Kg7 44. Bd3 Rc8 45. Rf6 Qe8 46. h4 Rdc7 47. h5 g5 48. d5 exd5 49. e6 Re7 50. exd5 Nd6 51. Qd4 fxe6 52. Rf7+ 1-0

[Event "RUS-ch Higher League (Women) 65th"]
[Site "Tiumen"]
[Date "2012.06.26"]
[Round "10"]
[White "Adamova, Tuyaara"]
[Black "Nechaeva, Marina"]
[Result "0-1"]
[WhiteElo "1914"]
[BlackElo "2420"]
[PlyCount "86"]
[EventDate "2012.06.16"]
[EventType "swiss"]
[EventRounds "11"]
[EventCountry "RUS"]
[SourceTitle "CBM 149 Extra"]
[Source "ChessBase"]
[SourceDate "2012.08.24"]
[SourceVersion "1"]
[SourceVersionDate "2012.08.24"]
[SourceQuality "1"]

1. e4 c6 2. d4 d5 3. Nc3 dxe4 4. Nxe4 Bf5 5. Ng3 Bg6 6. Nf3 Nd7 7. Bd3 e6 8. 0-0 Ngf6 9. Re1 Be7 10. c3 Bxd3 11. Qxd3 0-0 12. Ne2 c5 13. h3 a6 14. Bf4 Rc8 15. dxc5 Nxc5 16. Qc2 Qd3 17. Qc1 b5 18. Ne5 Qe4 19. Nd4 Qb7 20. Qd1 Rfd8 21. Qe2 b4 22. Ndf3 bxc3 23. bxc3 Nfe4 24. c4 f6 25. Ng4 e5 26. Bh2 Bf8 27. Ne3 Nd3 28. Rf1 Bc5 29. Ne1 Ndxf2 30. Qf3 Bxe3 31. Qxe3 Nd1 32. Qb3 Qd7 33. Nf3 Ndc3 34. Kh1 Ne2 35. Nh4 Nd2 36. Qe3 Nxf1 37. Rxf1 Qd3 38. Qf2 Rxc4 39. Nf5 Nf4 40. Ne3 Re4 41. Re1 Qd2 42. Qxd2 Rxd2 43. Bg1 Re2 0-1

[Event "RUS-ch Higher League (Women) 65th"]
[Site "Tiumen"]
[Date "2012.06.24"]
[Round "8"]
[White "Sazonova, Elena"]
[Black "Adamova, Tuyaara"]
[Result "1-0"]
[WhiteElo "2159"]
[BlackElo "1914"]
[PlyCount "183"]
[EventDate "2012.06.16"]
[EventType "swiss"]
[EventRounds "11"]
[EventCountry "RUS"]
[SourceTitle "CBM 149 Extra"]
[Source "ChessBase"]
[SourceDate "2012.08.24"]
[SourceVersion "1"]
[SourceVersionDate "2012.08.24"]
[SourceQuality "1"]

1. e4 c5 2. Nf3 e6 3. d4 cxd4 4. Nxd4 Nf6 5. Nc3 d6 6. Be2 Be7 7. Be3 Nc6 8. f4 Bd7 9. Nb3 a6 10. a4 b6 11. 0-0 0-0 12. Kh1 Bc8 13. Bf3 Bb7 14. Qe1 Qc7 15. g4 Nd7 16. g5 Rfe8 17. Bg2 Nb4 18. Qd2 Rac8 19. Rac1 Bf8 20. Bg1 f5 21. gxf6 Nxf6 22. Qd4 d5 23. e5 Nd7 24. Qe3 Nc6 25. Qe2 Nc5 26. Nd4 g6 27. Qg4 Bg7 28. h4 Nxd4 29. Bxd4 Qf7 30. b4 Nd7 31. Ne2 Bc6 32. Ra1 Qf5 33. Qxf5 gxf5 34. Bf3 Kh8 35. Kg2 Rg8 36. Kf2 Bf8 37. c3 Be7 38. h5 h6 39. Ke3 Kh7 40. Kd2 Rb8 41. Bf2 Nf8 42. Nd4 Be8 43. Be2 Ra8 44. Bf3 Rc8 45. a5 b5 46. Rh1 Bf7 47. Rh2 Be8 48. Be2 Rb8 49. Bd3 Kh8 50. Re1 Rc8 51. Nc2 Nd7 52. Bd4 Rg4 53. Rf1 Kg8 54. Ne3 Rg7 55. Rff2 Kf8 56. Nc2 Nb8 57. Be3 Nc6 58. Na1 d4 59. cxd4 Bxb4+ 60. Ke2 Rd8 61. Nb3 Bc3 62. Nc5 Ke7 63. Nxa6 Nxd4+ 64. Kf1 Bxa5 65. Rhg2 Rxg2 66. Rxg2 Bxh5 67. Rg7+ Kf8 68. Rh7 Bg6 69. Rh8+ Ke7 70. Rxd8 Kxd8 71. Bxd4 Bd2 72. Bxb5 Bxf4 73. Bb6+ Ke7 74. Bc5+ Kf7 75. Bd6 Kg7 76. Nc7 Bf7 77. Bd7 Kg6 78. Nxe6 Bg3 79. Kg2 Bh4 80. Kf3 Bg8 81. Nf4+ Kg7 82. e6 Bxe6 83. Bxe6 Kf6 84. Bd7 Be1 85. Nd5+ Kf7 86. Kf4 Bh4 87. Kxf5 Bd8 88. Nc7 Bg5 89. Be8+ Kg8 90. Kg6 Kh8 91. Be5+ Kg8 92. Bg7 1-0

[Event "RUS-ch Higher League (Women) 65th"]
[Site "Tiumen"]
[Date "2012.06.21"]
[Round "6"]
[White "Korchagina, Victoria"]
[Black "Adamova, Tuyaara"]
[Result "1-0"]
[WhiteElo "2098"]
[BlackElo "1914"]
[PlyCount "93"]
[EventDate "2012.06.16"]
[EventType "swiss"]
[EventRounds "11"]
[EventCountry "RUS"]
[SourceTitle "CBM 149 Extra"]
[Source "ChessBase"]
[SourceDate "2012.08.24"]
[SourceVersion "1"]
[SourceVersionDate "2012.08.24"]
[SourceQuality "1"]

1. e4 c5 2. Nf3 e6 3. d4 cxd4 4. Nxd4 a6 5. Nc3 Qc7 6. Be2 Nf6 7. 0-0 Be7 8. f4 Nc6 9. Nxc6 bxc6 10. e5 Nd5 11. Nxd5 cxd5 12. Bd3 d6 13. Qe2 g6 14. Kh1 0-0 15. a4 Re8 16. a5 Bf8 17. Be3 Bb7 18. Bb6 Qb8 19. b4 dxe5 20. fxe5 Bg7 21. Qf3 Re7 22. Bc5 Rd7 23. Bd6 Qc8 24. b5 axb5 25. Bxb5 Bc6 26. c4 Bxb5 27. cxb5 Qb7 28. Qd3 Rxd6 29. exd6 Bxa1 30. Rxa1 Qb8 31. Qb3 Qxd6 32. b6 Qe5 33. Rb1 Qb8 34. b7 Ra7 35. Qb6 Kg7 36. Qxa7 Qxa7 37. b8Q Qxa5 38. Qe5+ Kh6 39. Rf1 Qa7 40. Qf6 d4 41. Qxf7 Qxf7 42. Rxf7 Kg5 43. Kg1 e5 44. Kf2 e4 45. Rd7 d3 46. Ke3 Kf5 47. Rd5+ 1-0